000 00851nam a22002657a 4500
001 BR0600090
003 BR-BrBNA
005 20230928102047.0
007 ta
008 230509b bl.||||| |||| 00| 0 por d
040 _aBR-BrBNA
_bpor
_cBiblioteca Nacional de Agricultura
041 _a(Por)
072 _aD50; E14
090 _ D50 BR0600090
110 1 _aSecretaria de Agricultura do Distrito Federal, Brasília (Brasil)
_98598
245 1 _aLegislação do programa de verticalização da pequena produção agrícola do Distrito Federal; PROVE, produtos de Brasília é legal
260 3 _aBrasília, DF (Brasil):
_c1998.
300 _a15 p.
650 _aAGRICULTURA FAMILIAR
650 _aPROJETO DE DESENVOLVIMENTO
650 _aLEGISLAÇÃO
650 _aDISTRITO FEDERAL
909 _a202309
_bLucia
_c55
_dLucia Elande
942 _cBK
999 _c68951
_d68951